| 000 | 01205nam a2200229Ia 4500 | ||
|---|---|---|---|
| 999 |
_c37747 _d37747 |
||
| 001 | 3723 | ||
| 003 | GE_BSU | ||
| 005 | 20190628200122.0 | ||
| 008 | 181216s2011||||ge |||||||||||||| ||geo|| | ||
| 020 | _a9789941031953 | ||
| 040 | _cGE_BSU | ||
| 041 | _ageo | ||
| 080 | _a61 ყ–45 | ||
| 245 |
_aყველაფერი გადაუდებელი სამედიცინო დახმარების შესახებ / _cშემდგ. ნინო ჩარგეიშვილი ; რედ. თამარ მამაცაშვილი. |
||
| 264 |
_aთბილისი : _b"ოჯახის მკურნალის" ბიბ-კა, _c2011. |
||
| 300 |
_a135 გვ. ; _b19 სმ. |
||
| 490 |
_aიცნობდე, რათა დაამარცხო ; _vN 3. |
||
| 653 | _aყველაფერი გადაუდებელი სამედიცინო დახმარების შესახებ. | ||
| 700 |
_aჩარგეიშვილი, ნინო _eშემდგენელი _93105 |
||
| 700 |
_aმამაცაშვილი, თამარ _eრედაქტორი _92211 |
||
| 942 |
_cBK _2udc |
||